000 00338cam a2200145ua 4500
005 20230726111701.0
008 191229n II |||gr||||Z||||||eng
020 _a9788183162265
040 _aMAIN
_c
082 _a375.001 ARU
100 _aBARNARD SHOW
245 _aPYGMANTATION
653 _aCURRICULAM DEVELOPMENT
942 _cBK
_2ddc
999 _c22302
_d22302